| 000 | 00403nam a22001697a 4500 | ||
|---|---|---|---|
| 003 | OSt | ||
| 005 | 20230516112302.0 | ||
| 008 | 140526t xxu||||| |||| 00| 0 eng d | ||
| 020 | _a812391380X | ||
| 040 | _cASAB | ||
| 082 |
_a633.11 _bSIN |
||
| 100 |
_aSultan Singh _9112362 |
||
| 245 | _aTrends in Wheat Breeding | ||
| 260 |
_aNew Delhi : _bCBS Publishers, _c2006. |
||
| 300 | _a294 | ||
| 942 |
_2ddc _cBK |
||
| 999 |
_c17224 _d17224 |
||